Food in Spanish - Statistics

General Stats
  • This quiz has been taken 29 times
  • The average score is 9 of 20
Answer Stats
Hint Answer % Correct
chicken pollo
95%
apple manzana
80%
tomato tomate
80%
chocolate chocolate
75%
orange naranja
75%
potato papa
65%
onion cebolla
55%
three milks tres leches
55%
cucumber pepino
45%
pear pera
40%
cherry cereza
35%
flan flan
35%
steak bistec
30%
cauliflower coliflor
25%
pork puerco
20%
candy made of milk dulce de leche
15%
cake torta
15%
banana banano
10%
beef carne de res
5%
bacon tocino
0%
No matching quizzes found
Score Distribution
Percent of People with Each Score
Percentile by Number Answered
Your Score History
You have not taken this quiz